Тексты культур в рамках информационного общества; Актуальные проблемы социальной философии

Bibliografiske detaljer
Parent link:Актуальные проблемы социальной философии.— 2004.— С. 56-58
Hovedforfatter: Конюхова Т. В. Татьяна Васильевна
Sprog:russisk
Udgivet: 2004
Fag:
Format: Book Chapter
KOHA link:https://koha.lib.tpu.ru/cgi-bin/koha/opac-detail.pl?biblionumber=176908

MARC

LEADER 00000naa2a2200000 4500
001 176908
005 20240221095412.0
035 |a (RuTPU)RU\TPU\book\191814 
090 |a 176908 
100 |a 20100309d2004 k y0rusy50 ca 
101 0 |a rus 
102 |a RU 
200 1 |a Тексты культур в рамках информационного общества  |f Т. В. Конюхова 
320 |a Библиогр.: 6 назв. 
463 0 |0 (RuTPU)RU\TPU\book\76422  |y 5-98298-079-9  |t Актуальные проблемы социальной философии  |o труды региональной научно-практической конференции, Томск, 28-29 октября 2004 г.  |f Томский политехнический университет  |v С. 56-58  |d 2004  |p 160 с. 
610 1 |a культура 
610 1 |a тексты 
610 1 |a информационное общество 
610 1 |a труды учёных ТПУ 
700 1 |a Конюхова  |b Т. В.  |c философ  |c доцент Томского политехнического университета, кандидат философских наук  |f 1980-  |g Татьяна Васильевна  |3 (RuTPU)RU\TPU\pers\25558  |9 11488 
801 1 |a RU  |b 63413507  |c 20100309 
942 |c BK